banner-ar

الرؤية الرومانسية للمصير الانسانى لدى الشاعر العربى الحديث : (Record no. 63193)

MARC details
000 -الفاتح
حقل البيانات ثابتة الطول 01208nam a22002657a 4500
005 - وقت وتاريخ اخر تعامل مع التسجيلة
رقم الضبط 20240530110628.0
008 - عناصر البيانات ثابتة الطول - معلومات عامة
حقل البيانات ثابتة الطول 170110s2014 ua g b 000 0 ara d
017 ## - رقم الايداع القانونى
رقم الايداع القانونى 2014/16838
المصدر ( الهيئة المختصة) مصر. دار الكتب
020 ## - الرقم الدولى المعيارى للكتب
الرقم الدولى المعيارى للكتاب 9789773223397
040 ## - مصدر الفهرسة
وكالة الفهرسة الأصلية EG-CaGPL
وكالة النسخ EG-CaGPL
082 04 - رقم تصنيف ديوى العشرى
رقم الطبعة 21
رقم التصنيف 811.9\
رقم المادة ط ر
100 0# - المدخل الرئيسى - إسم شخصى
الإسم الشخصى طلعت عبدالعريز ابوالعزم .
245 12 - بيان العنوان
العنوان الرؤية الرومانسية للمصير الانسانى لدى الشاعر العربى الحديث :
بقية العنوان دراسة ادبية و فنية /
بيان المسئوليه,etc تاليف طلعت عبدالعريز ابوالعزم ؛ تقديم شوقى ضيف .
250 ## - بيان الطبعة
بيان الطبعة ط.1
260 ## - PUBLICATION, DISTRIBUTION, ETC. (IMPRINT)
تاريخ النشر أو التوزيع 2014 .
300 ## - الوصف المادى
التعداد 365 ص ؛
أبعاد الوعاء 24 سم .
504 ## - تبصرة ببليوجرافية
تبصرة ببليوجرافية,الخ ببليوجرافية : ص 353 - 359
650 07 - المدخل الاضافى بالموضوع-مصطلح موضوعى
مصدر الرأس أو المصطلح qrmak
مصطلح موضوعي الشعر العربى .
650 07 - المدخل الاضافى بالموضوع-مصطلح موضوعى
مصدر الرأس أو المصطلح qrmak
مصطلح موضوعي الشعر العربى
التقسيم الفرعي العام تاريخ و نقد
التقسيم الفرعي الزمني العصر الحديث .
650 07 - المدخل الاضافى بالموضوع-مصطلح موضوعى
مصدر الرأس أو المصطلح qrmak
مصطلح موضوعي الشعر العربى
التقسيم الفرعي العام تاريخ و نقد .
651 ## - المدخل الاضافى بالموضوع - اسم جغرافى
مصدر الرأس أو المصطلح qrmak
700 0# - المدخل الاضافى - اسم شخصى
الإسم الشخصى شوقى ضيف
الدور مقدم .
942 ## - عناصر المدخل الإضافي( كوها)
مصدر التصنيف او مخطط الترفيف Dewey Decimal Classification
Koha [default] item type كتاب
260 ## - PUBLICATION, DISTRIBUTION, ETC. (IMPRINT)
-- القاهرة :
-- عين للدراسات و البحوث الانسانية و الاجتماعية ،
Holdings
حالة التراجع حالة الفقد حالة تلف ليس للاعارة المكان المؤقت الموقع الحالى موقع الترفيف تاريخ الاكتساب اجمالي اﻻعارات رقم الطلب الباركود تاريخ اخر مشاهدة تاريخ تفعيل السعر نوع وعاء كوها
        مكتبة القاهرة الكبرى مكتبة القاهرة الكبرى القاعة الرئيسية 01/10/2017   811.9\ ط ر 163159 01/10/2017 01/10/2017 كتاب

Powered By

EGPV